52 - Né(es) un 21 février - Statistiques

Statistiques générales
  • Ce quiz a été pris 7 fois
  • Le résultat moyen est 5 sur 16
Statistiques - réponses
Hint Année de naissance Réponse % Correct
Romancier, poète, dramaturge français, cofondateur du groupe littéraire "Oulipo". Connu pour "Exercices de style"(1947), "Zazie dans le métro"(1959), "Cent mille milliards de poèmes" (1961). 1903 Raymond Queneau
67%
Acteur britannique. Vu dans "Harry Poter", "Love Actually" et "Die Hard". 1946 Alan Rickman
50%
Chanteuse américain qui s'engagea dans le mouvement de défense des droits civiques. Connue pour "My Baby Just Cares for Me". 1933 Eunice Kathleen Waymon|Nina Simone
50%
Compositeur français. Connu pour "Lakmé", Sylvia", Le roi l'a dit", "Coppélia". 1836 Léo Delibes
50%
Actrice française. Connue pour "Marie Pervenche" et "Les Cœurs brûlés". 1943 Danièle Évenou
33%
Actrice, réalisatrice, productrice, scénariste. Vu dans les séries "The Client List", "Ghost Whisperer". Mais aussi dans "Beautés empoisonnées" et "Souviens-toi… l'été dernier". 1979 Jennifer Love Hewitt
33%
Actrice française découverte dans "Je vais bien, ne t'en fais pas". Confirmée dans "Inglourious Basterds". 1983 Mélanie Laurent
33%
Acteur français abonné aux seconds rôles comiques. Vu dans "Le Grand Restaurant", "Oscar", "Hibernatus", "Mon oncle Benjamin", "Le Bateau sur l'herbe", "La Folie des grandeurs", "Les Misérables"(1982). 1927 Paul Préboist
33%
Empereur de Russie du 5 janvier 1762 au 9 juillet 1762. Il fut renversé par sa femme, Catherine II. 1728 Peter Ulrich de Holstein-Gottorp|Pierre III
33%
Acteur, dramaturge, metteur en scène, réalisateur et scénariste français. Connu pour les films "Le Roman d'un tricheur", Le Diable boiteux", La Poison", Si Versailles m'était conté…", "Napoléon", "Assassins et Voleurs". 1885 Sacha Guitry
33%
Producteur de musique américain. Co-createur de DreamWorks SKG, de "_____ Film Company", d'"Asylum Records" et de "____ Records". 1943 David Geffen
17%
Roi de Norvège depuis 1991. 1937 Harald V
17%
Président de la république du Zimbabwe de 1987 à 2017. 1924 Robert Mugabe|Robert Gabriel Karigamombe Mugabe
17%
Homme politique français considéré comme l'un des fondateurs du radicalisme en France. Député avant 1914, plusieurs ministre éphémère après 1918. Sénateur entre 1923 et 1932. A sa mort Albert Lebrun dira "Méditons l'exemple qu'il nous laisse de modération et de sagesse". 1866 Charles Chaumet
0%
Épouse du duc de Bourgogne Philippe le Bon et la mère de Charles le Téméraire. 1397 Isabelle de Portugal
0%
Philosophe américain. Connu pour "A Theory of Justice" de 1971. 1921 John Rawls
0%
Aucun quiz correspondant
Distribution des résultats
% des personnes avec chaque résultat
Percentile par nombre de réponses
Votre historique - résultats
Vous n’avez pas pris ce quiz